Understanding the Urban /

Estudio sobre el carácter y futuro posible de las ciudades en el mundo postindustrial y globalizado de finales del siglo XX, cuando más de la mitad de la población humana habita en localidades urbanas.

Na minha lista:
Detalhes bibliográficos
Autor principal: Byrne, David (autor)
Formato: Livro
Idioma:inglês
Publicado em: Inglaterra : Palgrave, 2001, c2001
Assuntos:
Tags: Adicionar Tag

MARC

LEADER 00000nam^a2200000^a^4500
001 000123278
005 20250521000000.0
009 20260310094531.186
020 |a 0-333-72428-3 
037 |a Acervo ITESO - Biblioteca 
041 |a ING 
082 |a 711. 4  |b BYR 
100 |a Byrne, David  |e (autor) 
245 1 0 |a Understanding the Urban /  |c D. Byrne. 
264 4 |a Inglaterra :  |b Palgrave,  |c 2001, c2001 
300 |a IX, 220 p. 
336 |a texto  |b txt  |2 rdacontenido 
337 |a sin mediación  |b n  |2 rdamedio 
338 |a volumen  |b nc  |2 rdasoporte 
520 |a Estudio sobre el carácter y futuro posible de las ciudades en el mundo postindustrial y globalizado de finales del siglo XX, cuando más de la mitad de la población humana habita en localidades urbanas. 
649 |a XX 
650 |a Zonas Urbanas 
650 |a Empleo y Desempleo 
650 |a Economía Laboral 
650 |a Cultura Urbana 
650 |a Política Urbana 
650 |a Urbanismo 
650 |a Sociología Urbana 
650 |a Sociología de la Cultura 
650 |a Sociedad Postindustrial 
650 |a Globalización 
910 |a Fondo General 
920 |a Impresos - Libros 
930 |a Colección General 
905 |a 101 
901 |a 0500056868  |b IT1  |c ACC  |u 20250521 
901 |a 0500056873  |b IT1  |c ACC  |u 20250521 
902 |a https://opac.biblio.iteso.mx/vufind/Record/000123278